[Event "FIDE Zonal 2.5 Open 2019"]
[Site "Montevideo"]
[Date "2019.04.18"]
[Round "8.25"]
[White "Reolon, Victor"]
[Black "Campora, Edgardo"]
[Result "1-0"]
[WhiteElo "1659"]
[BlackElo "1705"]
[Annotator "NA"]
[PlyCount "59"]
[EventDate "2019.04.13"]
[EventType "swiss"]
[EventCountry "URU"]
[SourceTitle "playchess.com"]
[Source "ChessBase"]
[SourceQuality "1"]
[TimeControl "40/5400+30:1800+30"]

1. c4 {[%emt 0:00:00]} Nf6 {[%emt 0:00:00]} 2. Nc3 {[%emt 0:00:00]} g6 {[%emt 0:02:25]} 3. g3 {[%emt 0:01:10]} Bg7 {[%emt 0:00:06]} 4. Bg2 {[%emt 0:00:09]} O-O {[%emt 0:00:08]} 5. d4 {[%emt 0:02:49]} d6 {[%emt 0:00:08]} 6. e4 {[%emt 0:00:51]} Nc6 {[%emt 0:00:32]} 7. Nge2 {[%emt 0:01:21]} e5 {[%emt 0:16:23]} 8. d5 {[%emt 0:01:45]} Na5 {[%emt 0:00:05]} 9. Qd3 {[%emt 0:05:49]} c5 {[%emt 0:01:51]} 10. O-O {[%emt 0:08:49]} a6 {[%emt 0:01:22]} 11. f4 {[%emt 0:10:27]} exf4 {[%emt 0:16:13]} 12. gxf4 {[%emt 0:02:06]} Ng4 {[%emt 0:00:19]} 13. h3 {[%emt 0:01:59]} Nh6 {[%emt 0:00:08]} 14. b3 {[%emt 0:08:54]} b5 {[%emt 0:08:01]} 15. Rb1 {[%emt 0:11:03]} bxc4 {[%emt 0:10:49]} 16. bxc4 {[%emt 0:00:22]} Qe8 {[%emt 0:02:21]} 17. f5 {[%emt 0:10:30]} gxf5 {[%emt 0:01:29]} 18. exf5 {[%emt 0:00:35]} Nxf5 {[%emt 0:03:14]} 19. Rxf5 {[%emt 0:01:40]} Bxf5 {[%emt 0:01:41]} 20. Qxf5 {[%emt 0:00:11]} Qe5 {[%emt 0:02:29]} 21. Qd3 {[%emt 0:12:11]} f5 {[%emt 0:04:21]} 22. Bb2 {[%emt 0:04:04]} Qe7 {[%emt 0:06:02]} 23. Nf4 {[%emt 0:01:36]} Be5 {[%emt 0:07:36]} 24. Ne6 {[%emt 0:03:14]} Rf6 {[%emt 0:00:55]} 25. Ne2 {[%emt 0:03:38]} Rb8 {[%emt 0:02:04]} 26. Bxe5 {[%emt 0:00:43]} Rxb1+ {[%emt 0:00:02]} 27. Qxb1 {[%emt 0:00:14]} dxe5 {[%emt 0:00:03]} 28. Qb8+ {[%emt 0:03:43]} Kf7 {[%emt 0:00:02]} 29. Qh8 {[%emt 0:00:35]} Kg6 {[%emt 0:01:21]} 30. Qg8+ {[%emt 0:00:34]} 1-0

[Event "FIDE Zonal 2.5 Open 2019"]
[Site "Montevideo"]
[Date "2019.04.18"]
[Round "8.26"]
[White "Avedisian, Alexander"]
[Black "Prieto Perez, Rodrigo"]
[Result "1-0"]
[WhiteElo "1898"]
[BlackElo "2037"]
[Annotator "NA"]
[PlyCount "49"]
[EventDate "2019.04.13"]
[EventType "swiss"]
[EventCountry "URU"]
[SourceTitle "playchess.com"]
[Source "ChessBase"]
[SourceQuality "1"]
[TimeControl "40/5400+30:1800+30"]

1. g3 {[%emt 0:00:00]} g6 {[%emt 0:00:00]} 2. Bg2 {[%emt 0:00:00]} Bg7 3. Nf3 d6 {[%emt 0:00:05]} 4. O-O {[%emt 0:00:00]} Nf6 {[%emt 0:00:24]} 5. c4 {[%emt 0:00:14]} O-O {[%emt 0:01:13]} 6. Nc3 {[%emt 0:00:08]} e5 7. d4 {[%emt 0:00:16]} Nbd7 {[%emt 0:03:38]} 8. dxe5 {[%emt 0:00:18]} Nxe5 {[%emt 0:00:31]} 9. Nxe5 {[%emt 0:00:25]} dxe5 {[%emt 0:00:11]} 10. Qc2 {[%emt 0:01:09]} c6 {[%emt 0:01:46]} 11. e4 {[%emt 0:00:17]} Be6 {[%emt 0:04:23]} 12. b3 {[%emt 0:01:10]} Qc7 13. h3 {[%emt 0:00:18]} Rad8 {[%emt 0:13:44]} 14. Be3 {[%emt 0:07:30]} b5 {[%emt 0:10:33]} 15. Bc5 {[%emt 0:00:22]} Rfe8 {[%emt 0:01:15]} 16. cxb5 cxb5 {[%emt 0:00:22]} 17. Nxb5 {[%emt 0:00:54]} Qa5 {[%emt 0:11:37]} 18. Nd6 {[%emt 0:24:31]} Re7 19. b4 {[%emt 0:02:29]} Qa6 {[%emt 0:02:12]} 20. Rfd1 Red7 21. Bf1 {[%emt 0:01:52]} Qc6 {[%emt 0:07:04]} 22. Bb5 {[%emt 0:01:38]} Qc7 {[%emt 0:01:24]} 23. Bxd7 Nxd7 24. Kg2 {[%emt 0:06:39]} Qc6 {[%emt 0:05:56]} 25. Rac1 1-0

[Event "FIDE Zonal 2.5 Open 2019"]
[Site "Montevideo"]
[Date "2019.04.18"]
[Round "8.27"]
[White "Ramirez Dominguez, Agustin"]
[Black "Fein, Jorge"]
[Result "1-0"]
[WhiteElo "1907"]
[BlackElo "1648"]
[Annotator "NA"]
[PlyCount "69"]
[EventDate "2019.04.13"]
[EventType "swiss"]
[EventCountry "URU"]
[SourceTitle "playchess.com"]
[Source "ChessBase"]
[SourceQuality "1"]
[TimeControl "40/5400+30:1800+30"]

1. e4 {[%emt 0:00:00]} e5 {[%emt 0:00:00]} 2. Nf3 {[%emt 0:00:56]} Nc6 {[%emt 0:00:00]} 3. Bb5 {[%emt 0:00:30]} a6 {[%emt 0:00:09]} 4. Bxc6 {[%emt 0:01:14]} dxc6 {[%emt 0:00:43]} 5. O-O {[%emt 0:03:26]} Bg4 {[%emt 0:02:14]} 6. d3 {[%emt 0:02:02]} Bc5 {[%emt 0:10:24]} 7. Be3 {[%emt 0:06:25]} Bd6 {[%emt 0:01:00]} 8. Nbd2 {[%emt 0:01:19]} b5 {[%emt 0:06:59]} 9. c3 {[%emt 0:03:13]} Qf6 {[%emt 0:06:44]} 10. d4 {[%emt 0:02:23]} Qe7 {[%emt 0:08:25]} 11. Qc2 {[%emt 0:08:12]} f6 {[%emt 0:01:58]} 12. dxe5 {[%emt 0:01:45]} fxe5 {[%emt 0:01:33]} 13. c4 {[%emt 0:00:47]} Bc5 {[%emt 0:05:17]} 14. cxb5 {[%emt 0:01:55]} Bxe3 {[%emt 0:00:27]} 15. Qxc6+ {[%emt 0:00:23]} Kf7 {[%emt 0:08:40]} 16. Qxa8 {[%emt 0:01:47]} Bxd2 {[%emt 0:02:35]} 17. Qd5+ {[%emt 0:01:52]} Kf8 {[%emt 0:05:00]} 18. Nxd2 {[%emt 0:00:46]} axb5 {[%emt 0:01:23]} 19. f4 {[%emt 0:03:47]} Ke8 {[%emt 0:07:08]} 20. Qxb5+ {[%emt 0:02:07]} Bd7 {[%emt 0:03:38]} 21. Qb8+ {[%emt 0:01:21]} Kf7 {[%emt 0:03:11]} 22. fxe5+ {[%emt 0:00:45]} Kg6 {[%emt 0:00:45]} 23. Qxc7 {[%emt 0:01:10]} Kh6 {[%emt 0:01:50]} 24. a4 {[%emt 0:01:57]} g6 {[%emt 0:00:29]} 25. a5 {[%emt 0:01:19]} Kg7 {[%emt 0:00:17]} 26. a6 {[%emt 0:01:08]} Nh6 {[%emt 0:00:08]} 27. a7 {[%emt 0:00:37]} Rc8 {[%emt 0:01:35]} 28. Qxc8 {[%emt 0:00:36]} Bxc8 {[%emt 0:00:08]} 29. a8=Q {[%emt 0:00:09]} Qc5+ {[%emt 0:00:42]} 30. Kh1 {[%emt 0:01:01]} Qc2 {[%emt 0:11:08]} 31. Ra7+ {[%emt 0:00:41]} Nf7 {[%emt 0:05:21]} 32. Qd5 {[%emt 0:01:38]} Be6 {[%emt 0:01:20]} 33. Qxe6 {[%emt 0:00:47]} Qxd2 {[%emt 0:00:13]} 34. Qxf7+ {[%emt 0:00:04]} Kh6 {[%emt 0:00:15]} 35. Qf4+ {[%emt 0:00:02]} 1-0

[Event "FIDE Zonal 2.5 Open 2019"]
[Site "Montevideo"]
[Date "2019.04.19"]
[Round "9.1"]
[White "Henriquez Villagra, Cristobal"]
[Black "Rodriguez Vila, Andres"]
[Result "1-0"]
[WhiteElo "2543"]
[BlackElo "2480"]
[Annotator "ChessBase"]
[PlyCount "99"]
[EventDate "2019.04.13"]
[EventType "swiss"]
[EventCountry "URU"]
[SourceTitle "playchess.com"]
[Source "ChessBase"]
[SourceQuality "1"]
[TimeControl "40/5400+30:1800+30"]

1. d4 {[%emt 0:05:16]} Nf6 {[%emt 0:00:00]} 2. c4 {[%emt 0:00:22]} g6 {[%emt 0:00:00]} 3. Nc3 {[%emt 0:00:05]} Bg7 {[%emt 0:00:00]} 4. e4 {[%emt 0:00:28]} d6 {[%emt 0:00:01]} 5. h3 {[%emt 0:00:04]} Nbd7 {[%emt 0:02:58]} 6. Be3 {[%emt 0:00:14]} e5 {[%emt 0:00:10]} 7. d5 {[%emt 0:00:04]} Nc5 {[%emt 0:00:11]} 8. Qc2 {[%emt 0:01:03]} O-O {[%emt 0:04:41]} 9. g4 {[%emt 0:00:38]} c6 {[%emt 0:03:58]} 10. Nge2 {[%emt 0:04:38]} cxd5 {[%emt 0:04:44]} 11. cxd5 {[%emt 0:00:04]} Qa5 {[%emt 0:04:25]} 12. Ng3 {[%emt 0:02:25]} Bd7 {[%emt 0:03:58]} 13. Rb1 {[%emt 0:00:27]} Na4 {[%emt 0:14:54]} 14. Qd2 {[%emt 0:00:12]} Rfc8 {[%emt 0:09:25]} 15. Nb5 {[%emt 0:12:02]} Qxd2+ {[%emt 0:00:42]} 16. Kxd2 {[%emt 0:00:04]} Bf8 {[%emt 0:16:00]} 17. g5 {[%emt 0:03:41]} Ne8 {[%emt 0:02:51]} 18. Nxa7 {[%emt 0:05:58]} Rcb8 {[%emt 0:00:50]} 19. Bb5 {[%emt 0:09:51]} Nc5 {[%emt 0:01:25]} 20. Bxd7 {[%emt 0:10:55]} Nxd7 {[%emt 0:02:16]} 21. Nb5 {[%emt 0:00:55]} Be7 {[%emt 0:12:43]} 22. Ra1 {[%emt 0:02:40]} Nc5 {[%emt 0:01:59]} 23. b4 {[%emt 0:00:42]} Na4 {[%emt 0:01:32]} 24. Kc2 {[%emt 0:01:21]} Ra6 {[%emt 0:03:42]} 25. Kb3 {[%emt 0:01:05]} Bd8 {[%emt 0:00:14]} 26. Rhc1 {[%emt 0:00:42]} Rba8 {[%emt 0:01:51]} 27. Rc2 {[%emt 0:02:00]} Kf8 {[%emt 0:00:56]} 28. Rf1 {[%emt 0:07:48]} Bb6 {[%emt 0:01:47]} 29. Bc1 {[%emt 0:00:06]} Bd8 {[%emt 0:01:17]} 30. Ne2 {[%emt 0:00:51]} Nb6 {[%emt 0:01:31]} 31. f4 {[%emt 0:02:59]} exf4 {[%emt 0:00:12]} 32. Bxf4 {[%emt 0:00:06]} Nd7 {[%emt 0:00:13]} 33. Nec3 {[%emt 0:01:28]} Kg8 {[%emt 0:01:01]} 34. h4 {[%emt 0:00:11]} f6 {[%emt 0:02:14]} 35. a4 {[%emt 0:00:12]} fxg5 {[%emt 0:01:18]} 36. hxg5 {[%emt 0:00:13]} Be7 {[%emt 0:00:32]} 37. Rcf2 {[%emt 0:01:16]} Rc8 {[%emt 0:00:08]} 38. Nd4 {[%emt 0:02:05]} Ng7 {[%emt 0:00:20]} 39. Ne6 {[%emt 0:00:22]} Rb6 {[%emt 0:01:48]} 40. Be3 {[%emt 0:02:35]} Nxe6 {[%emt 0:00:34]} 41. dxe6 {[%emt 0:33:43]} Nc5+ {[%emt 0:00:41]} 42. Ka3 {[%emt 0:00:00]} Ra8 {[%emt 0:16:57]} 43. bxc5 {[%emt 0:00:00]} dxc5 {[%emt 0:00:06]} 44. Nd5 {[%emt 0:00:00]} Rxe6 {[%emt 0:00:06]} 45. Nxe7+ {[%emt 0:00:00]} Rxe7 {[%emt 0:00:02]} 46. Bxc5 {[%emt 0:00:00]} Ree8 {[%emt 0:00:03]} 47. e5 {[%emt 0:00:00]} b5 {[%emt 0:01:08]} 48. Rf8+ {[%emt 0:00:00]} Rxf8 {[%emt 0:00:13]} 49. Rxf8+ {[%emt 0:00:00]} Rxf8 {[%emt 0:00:04]} 50. Bxf8 {[%emt 0:00:00]} 1-0

[Event "FIDE Zonal 2.5 Open 2019"]
[Site "Montevideo"]
[Date "2019.04.19"]
[Round "9.2"]
[White "Mareco, Sandro"]
[Black "Delgado Ramirez, Neuris"]
[Result "1-0"]
[WhiteElo "2651"]
[BlackElo "2616"]
[Annotator "TA"]
[PlyCount "59"]
[EventDate "2019.04.13"]
[EventType "swiss"]
[EventCountry "URU"]
[SourceTitle "playchess.com"]
[Source "ChessBase"]
[SourceQuality "1"]

{[%evp 12,59,11,0,0,0,0,0,0,-4,21,18,61,18,22,17,36,36,43,33,36,21,15,17,22,27,22,19,43,36,110,110,306,296,291,291,298,314,380,342,492,475,568,576,661,649,1593,1202,1186,1120]} 1. d4 Nf6 2. c4 e6 3. Nf3 d5 4. Nc3 Be7 5. Bf4 O-O 6. e3 Nbd7 7. Bd3 (7. Be2 {feels hotter.} dxc4 8. Bxc4 a6 9. a4 c5 10. O-O) 7... c5 {D37: Queen's Gambit Declined: 5 Bf4} 8. cxd5 Nxd5 9. Nxd5 exd5 {The position is equal.} 10. dxc5 Nxc5 11. O-O Ne6 $146 ({Predecessor:} 11... Bg4 12. Be2 Bf6 13. h3 Bh5 14. Nd4 Bxe2 15. Qxe2 Bxd4 16. exd4 {½-½ (62) Li,C (2725)-Yu,Y (2759) Ningbo 2018}) 12. Bg3 Bf6 13. Rc1 Qb6 14. b3 Bd7 15. Ne5 Rad8 16. Qg4 $40 {[%mdl 128] White is up to no good.} (16. Nxd7 {keeps more tension.} Rxd7 17. Qf3 Be7 18. Rfd1 Rfd8 19. h4) 16... Bb5 {[#] Hoping for ...Bxe5.} 17. Rfd1 Bxd3 18. Nxd3 Qa5 19. Rc2 d4 20. e4 $1 Be7 {[#]} (20... Rc8 $14 21. Rxc8 Rxc8) 21. f4 $1 $16 {[%cal Rf4f5] Black must now prevent f5.} Nc5 $2 (21... b6 $16) 22. b4 $18 Qa4 {Threatens to win with ...Nxd3.} 23. Rxc5 Bxc5 24. bxc5 ({Don't do} 24. Nxc5 $6 Qxb4 25. Nd3 Qb5 $18) 24... Qxa2 25. f5 f6 (25... Kh8 {keeps fighting.} 26. Bc7 Ra8) 26. Bd6 {White is clearly winning.} Rfe8 27. e5 fxe5 28. Nxe5 {f6 is the strong threat.} h5 29. Qxh5 d3 30. f6 {Accuracy: White = 71%, Black = 27%.} 1-0

[Event "FIDE Zonal 2.5 Open 2019"]
[Site "Montevideo"]
[Date "2019.04.19"]
[Round "9.3"]
[White "Salinas Herrera, Pablo"]
[Black "Pichot, Alan"]
[Result "1/2-1/2"]
[WhiteElo "2483"]
[BlackElo "2566"]
[Annotator "RC"]
[PlyCount "118"]
[EventDate "2019.04.13"]
[EventType "swiss"]
[EventCountry "URU"]
[SourceTitle "playchess.com"]
[Source "ChessBase"]
[SourceQuality "1"]
[TimeControl "40/5400+30:1800+30"]

1. d4 {[%emt 0:04:59]} Nf6 {[%emt 0:00:00]} 2. c4 {[%emt 0:00:12]} e6 {[%emt 0:00:00]} 3. Nc3 {[%emt 0:00:17]} Bb4 {[%emt 0:00:00]} 4. Nf3 {[%emt 0:00:05]} b6 {[%emt 0:00:32]} 5. Bd2 {[%emt 0:00:05]} Bb7 {[%emt 0:00:14]} 6. e3 {[%emt 0:00:06]} O-O {[%emt 0:00:30]} 7. Bd3 {[%emt 0:00:05]} d6 {[%emt 0:00:57]} 8. O-O {[%emt 0:00:16]} Nbd7 {[%emt 0:00:05]} 9. a3 {[%emt 0:19:49]} Bxc3 {[%emt 0:00:17]} 10. Bxc3 {[%emt 0:00:26]} Ne4 {[%emt 0:00:09]} 11. Be1 {[%emt 0:01:31]} f5 {[%emt 0:01:34]} 12. Qe2 {[%emt 0:01:04]} Qf6 {[%emt 0:01:31]} 13. Nd2 {[%emt 0:02:58]} Ng5 {[%emt 0:03:26]} 14. f3 {[%emt 0:12:01]} a5 {[%emt 0:24:19]} 15. Nb1 {[%emt 0:04:40]} c5 {[%emt 0:06:44]} 16. Bf2 {[%emt 0:05:49]} e5 {[%emt 0:16:06]} 17. h4 {[%emt 0:01:38]} Nf7 {[%emt 0:04:10]} 18. d5 {[%emt 0:00:07]} Nh8 {[%emt 0:02:30]} 19. Nc3 {[%emt 0:01:11]} Ng6 {[%emt 0:00:21]} 20. g3 {[%emt 0:04:50]} Ba6 {[%emt 0:03:40]} 21. Bc2 {[%emt 0:01:08]} e4 {[%emt 0:05:55]} 22. f4 {[%emt 0:00:05]} Ne7 {[%emt 0:05:45]} 23. g4 {[%emt 0:04:43]} Qg6 {[%emt 0:02:06]} 24. g5 {[%emt 0:08:18]} Nf6 {[%emt 0:01:51]} 25. h5 {[%emt 0:01:52]} Qxh5 {[%emt 0:04:35]} 26. gxf6 {[%emt 0:02:07]} Qxe2 {[%emt 0:00:14]} 27. Nxe2 {[%emt 0:00:05]} Rxf6 {[%emt 0:00:04]} 28. b3 {[%emt 0:00:41]} Rg6+ {[%emt 0:03:55]} 29. Ng3 {[%emt 0:01:20]} b5 {[%emt 0:00:35]} 30. Rfc1 {[%emt 0:01:40]} bxc4 {[%emt 0:08:04]} 31. bxc4 {[%emt 0:00:04]} Bxc4 {[%emt 0:01:57]} 32. Bxe4 {[%emt 0:00:11]} fxe4 {[%emt 0:00:28]} 33. Rxc4 {[%emt 0:00:04]} Nxd5 {[%emt 0:00:50]} 34. Rxe4 {[%emt 0:01:20]} Rb8 {[%emt 0:00:01]} 35. Kf1 {[%emt 0:00:53]} Rb2 {[%emt 0:00:59]} 36. f5 {[%emt 0:01:57]} Rh6 {[%emt 0:00:36]} 37. Re6 {[%emt 0:01:34]} Rh2 {[%emt 0:01:13]} 38. Bg1 {[%emt 0:02:41]} Rh3 {[%emt 0:00:00]} 39. Ne2 {[%emt 0:00:53]} Nf6 {[%emt 0:02:22]} 40. Rxd6 {[%emt 0:00:58]} Rf3+ {[%emt 0:00:51]} 41. Ke1 {[%emt 0:30:05]} Rxf5 {[%emt 0:02:02]} 42. Rd2 {[%emt 0:00:00]} Rf1+ {[%emt 0:02:11]} 43. Kxf1 {[%emt 0:00:00]} Rxd2 {[%emt 0:00:03]} 44. Rc1 {[%emt 0:00:00]} Ra2 {[%emt 0:02:46]} 45. Rxc5 {[%emt 0:00:00]} Rxa3 {[%emt 0:00:15]} 46. Kg2 {[%emt 0:00:00]} a4 {[%emt 0:01:19]} 47. Kf3 {[%emt 0:00:00]} Ra1 {[%emt 0:00:39]} 48. Ra5 {[%emt 0:00:00]} a3 {[%emt 0:04:05]} 49. Bf2 {[%emt 0:00:00]} h5 {[%emt 0:01:20]} 50. Nc3 {[%emt 0:00:00]} Kf7 {[%emt 0:02:06]} 51. Nb5 {[%emt 0:00:00]} g5 {[%emt 0:02:53]} 52. Rxa3 {[%emt 0:00:00]} g4+ {[%emt 0:03:06]} 53. Kg2 {[%emt 0:00:00]} Rxa3 {[%emt 0:01:11]} 54. Nxa3 {[%emt 0:00:00]} Ke6 {[%emt 0:00:12]} 55. Nb5 {[%emt 0:00:00]} Kd5 {[%emt 0:01:35]} 56. Bh4 {[%emt 0:03:01]} Ne4 {[%emt 0:01:37]} 57. Na3 {[%emt 0:00:10]} Nd6 {[%emt 0:00:38]} 58. Nb1 {[%emt 0:01:41]} Ke4 {[%emt 0:00:48]} 59. Bf2 {[%emt 0:00:17]} Kd3 {[%emt 0:00:53]} 1/2-1/2

[Event "FIDE Zonal 2.5 Open 2019"]
[Site "Montevideo"]
[Date "2019.04.19"]
[Round "9.4"]
[White "Roselli Mailhe, Bernardo"]
[Black "Peralta, Fernando"]
[Result "1/2-1/2"]
[WhiteElo "2454"]
[BlackElo "2572"]
[Annotator "ChessBase"]
[PlyCount "110"]
[EventDate "2019.04.13"]
[EventType "swiss"]
[EventCountry "URU"]
[SourceTitle "playchess.com"]
[Source "ChessBase"]
[SourceQuality "1"]
[TimeControl "40/5400+30:1800+30"]

1. d4 {[%emt 0:00:00]} Nf6 {[%emt 0:00:00]} 2. c4 {[%emt 0:00:00]} e6 {[%emt 0:00:00]} 3. Nf3 {[%emt 0:00:05]} Bb4+ {[%emt 0:00:09]} 4. Nbd2 {[%emt 0:00:08]} O-O {[%emt 0:00:16]} 5. a3 {[%emt 0:00:04]} Be7 {[%emt 0:00:05]} 6. e4 {[%emt 0:00:09]} d6 {[%emt 0:00:10]} 7. Bd3 {[%emt 0:01:37]} e5 {[%emt 0:00:24]} 8. d5 {[%emt 0:01:11]} a5 {[%emt 0:07:38]} 9. b3 {[%emt 0:04:21]} Na6 {[%emt 0:05:39]} 10. Bb2 {[%emt 0:05:29]} Nh5 {[%emt 0:09:10]} 11. g3 {[%emt 0:01:01]} g6 {[%emt 0:00:09]} 12. O-O {[%emt 0:01:35]} Ng7 {[%emt 0:02:14]} 13. Ne1 {[%emt 0:02:54]} Bh3 {[%emt 0:09:55]} 14. Ng2 {[%emt 0:00:08]} f5 {[%emt 0:00:46]} 15. exf5 {[%emt 0:05:19]} gxf5 {[%emt 0:01:03]} 16. f4 {[%emt 0:04:00]} e4 {[%emt 0:02:55]} 17. Be2 {[%emt 0:03:26]} Bf6 {[%emt 0:00:22]} 18. Qc2 {[%emt 0:00:22]} c5 {[%emt 0:02:27]} 19. Rfd1 {[%emt 0:03:55]} Bd4+ {[%emt 0:07:11]} 20. Kh1 {[%emt 0:00:41]} Qf6 {[%emt 0:00:11]} 21. Rab1 {[%emt 0:00:05]} Bxg2+ {[%emt 0:11:12]} 22. Kxg2 {[%emt 0:00:06]} Nc7 {[%emt 0:00:04]} 23. Nf1 {[%emt 0:01:33]} Rfb8 {[%emt 0:00:09]} 24. Bxd4 {[%emt 0:12:25]} cxd4 {[%emt 0:00:19]} 25. Qb2 {[%emt 0:00:08]} b5 {[%emt 0:03:31]} 26. Qxd4 {[%emt 0:00:17]} Qxd4 {[%emt 0:00:24]} 27. Rxd4 {[%emt 0:00:06]} b4 {[%emt 0:03:08]} 28. a4 {[%emt 0:01:48]} Na6 {[%emt 0:00:11]} 29. Ne3 {[%emt 0:09:54]} h5 {[%emt 0:01:37]} 30. Kf2 {[%emt 0:00:28]} Nc5 {[%emt 0:00:18]} 31. Rdd1 {[%emt 0:00:13]} Kf7 {[%emt 0:00:21]} 32. Rg1 {[%emt 0:13:23]} Rh8 {[%emt 0:00:52]} 33. Ng2 {[%emt 0:01:21]} Rh6 {[%emt 0:01:14]} 34. Ke3 {[%emt 0:00:55]} Rah8 {[%emt 0:03:23]} 35. Ne1 {[%emt 0:01:01]} Ne8 {[%emt 0:12:09]} 36. Nc2 {[%emt 0:00:42]} Nf6 {[%emt 0:00:48]} 37. h3 {[%emt 0:02:25]} Ng8 {[%emt 0:00:31]} 38. Nd4 {[%emt 0:03:15]} Ne7 {[%emt 0:00:20]} 39. Rg2 {[%emt 0:04:40]} Ke8 {[%emt 0:02:00]} 40. Rbg1 {[%emt 0:03:28]} Kf7 {[%emt 0:03:21]} 41. Kd2 {[%emt 0:32:40]} R8h7 {[%emt 0:32:24]} 42. Kc2 {[%emt 0:00:06]} Kf6 {[%emt 0:02:19]} 43. Nb5 {[%emt 0:04:06]} Nb7 {[%emt 0:00:00]} 44. Kd2 {[%emt 0:00:00]} Rh8 {[%emt 0:00:00]} 45. Ke3 {[%emt 0:00:00]} R6h7 {[%emt 0:00:00]} 46. Bd1 {[%emt 0:00:00]} Rh6 {[%emt 0:00:00]} 47. Bc2 {[%emt 0:00:00]} R6h7 {[%emt 0:00:00]} 48. Kd2 {[%emt 0:00:00]} Rh6 {[%emt 0:00:00]} 49. Re1 {[%emt 0:00:00]} R6h7 {[%emt 0:00:00]} 50. Ree2 {[%emt 0:00:00]} Rg7 {[%emt 0:00:00]} 51. Re1 {[%emt 0:00:00]} Rhg8 {[%emt 0:03:05]} 52. Re3 {[%emt 0:00:00]} Ng6 {[%emt 0:01:00]} 53. Rf2 {[%emt 0:00:00]} Ne7 {[%emt 0:00:23]} 54. Rg2 {[%emt 0:00:00]} Ng6 {[%emt 0:00:11]} 55. Rf2 {[%emt 0:00:00]} Ne7 1/2-1/2

[Event "FIDE Zonal 2.5 Open 2019"]
[Site "Montevideo"]
[Date "2019.04.19"]
[Round "9.5"]
[White "Perez Ponsa, Federico"]
[Black "Larrea, Manuel"]
[Result "1-0"]
[WhiteElo "2562"]
[BlackElo "2230"]
[Annotator "TA"]
[PlyCount "43"]
[EventDate "2019.04.13"]
[EventType "swiss"]
[EventCountry "URU"]
[SourceTitle "playchess.com"]
[Source "ChessBase"]
[SourceQuality "1"]

{[%evp 23,43,65,88,29,104,136,98,79,451,463,695,687,29993,29994,29994,29995,29995,29996,29996,29997,29997,29998]} 1. e4 c5 2. Nf3 Nc6 3. d4 cxd4 4. Nxd4 Nf6 5. Nc3 d6 6. Bg5 e6 7. Qd2 Be7 8. O-O-O O-O 9. f4 h6 10. h4 Nxd4 11. Qxd4 hxg5 12. hxg5 Ng4 {[#] ...e5 is the strong threat.} 13. Qd2 {B65: Sicilian: Richter-Rauzer: 7...Be7 8 0-0-0 0-0 9 f4 Nxd4} (13. Be2 $16) (13. Be2 e5 14. Qg1 exf4 15. Bxg4 Bxg4 16. Qh2 f5 17. g6 Bh4 18. Rd4 fxe4 19. Rxe4 Bh5 20. Qxh4 Qxh4 21. Rxh4 Bxg6 22. Rexf4 {½-½ (41) Yu,R (2571)-Popov,I (2653) China 2015}) 13... b5 $146 (13... e5 $11 {remains equal.} 14. g3 Be6) ({Predecessor:} 13... e5 14. g3 g6 15. Rh4 Kg7 16. Be2 Rh8 17. Rxg4 Bxg4 18. Bxg4 b5 19. Nd5 Rb8 20. Rf1 a5 {1-0 (31) Petrigin,O (2234)-De Pinho,M (2250) ICCF email 2015}) 14. Bxb5 $16 Rb8 {Threatens to win with ...a6.} 15. Rh5 {White is better.} Qb6 $2 {[%mdl 8192]} (15... f6 $16) 16. Rdh1 $18 {[%csl Gh1][%cal Rh5h8] [#]} f5 (16... Nh6 $142 17. f5 (17. gxh6 g6 $11) 17... d5) 17. exf5 {Rh8+ would kill now.} a6 18. Rh8+ {White mates.} Kf7 19. g6+ Kf6 20. Ne4+ Kxf5 21. Rxf8+ Bxf8 22. Rh5+ 1-0

[Event "FIDE Zonal 2.5 Open 2019"]
[Site "Montevideo"]
[Date "2019.04.19"]
[Round "9.6"]
[White "Muniz, Rafael"]
[Black "Cubas, Jose Fernando"]
[Result "1-0"]
[WhiteElo "2257"]
[BlackElo "2505"]
[Annotator "TA"]
[PlyCount "95"]
[EventDate "2019.04.13"]
[EventType "swiss"]
[EventCountry "URU"]
[SourceTitle "playchess.com"]
[Source "ChessBase"]
[SourceQuality "1"]

{[%evp 9,95,-14,-7,-1,-2,6,13,-30,-26,-28,0,-20,-20,-16,-10,-24,-6,-3,38,42,48,26,13,9,47,12,25,0,0,0,0,0,0,0,0,6,23,20,45,35,89,0,3,0,57,72,164,210,221,218,249,250,253,226,249,154,148,23,41,0,0,0,0,0,0,0,0,0,0,0,0,0,36,0,0,0,0,0,29995,403,374,375,397,385,379,369,6203,6203]} 1. e4 c5 2. Nf3 Nc6 3. Bb5 e6 4. Bxc6 bxc6 5. e5 f6 6. O-O {B30: Sicilian: 2...Nc6 3 Bb5, lines without ...g6} (6. b3 fxe5 7. Nxe5 Nf6 8. Bb2 d6 9. Ng4 e5 10. Nxf6+ Qxf6 11. Nc3 Qg6 12. Qf3 d5 13. d3 Bd6 {0-1 (29) Dourerassou,J (2573)-Lagarde,M (2659) Orsay 2018}) 6... fxe5 7. Nxe5 {With the idea Qh5+.} Nf6 8. c4 {The position is equal.} d6 9. Ng4 ({Wrong is} 9. Nxc6 $2 Qc7 $19) 9... Be7 10. Nc3 $146 ({Predecessor:} 10. f4 O-O 11. Ne3 Ne8 12. d3 Bf6 13. Nc3 Bd4 {½-½ (36) Sabol,M (2320)-Michalek,J (2317) Czechia 2000}) 10... O-O 11. d3 Rb8 12. Rb1 Kh8 13. Nxf6 gxf6 14. f4 f5 15. Be3 Bf6 16. d4 d5 17. cxd5 exd5 18. Na4 Re8 19. Bf2 Ba6 20. Re1 Rxe1+ 21. Qxe1 Bd3 $1 {[%cal Rd3b1]} 22. Rc1 c4 23. Qe6 Qe7 24. Qxc6 Qg7 {[#]} (24... Be4 $14) 25. Qc5 (25. Nc5 $1 $16) 25... h5 (25... Be4 $5 26. g3 $8 h5 $11) 26. Nc3 Rxb2 (26... Be7 $1 $11 27. Qc6 h4) 27. Nxd5 $14 Rxf2 (27... Kh7 $16) 28. Qc8+ $18 Kh7 {[%csl Gf2][%cal Rg7g2]} 29. Nxf6+ {[%mdl 64] [#] Overworked Piece} ({Inferior is} 29. Kxf2 Bxd4+ 30. Ke1 Qxg2 $11) 29... Qxf6 30. Qd7+ {[%mdl 64] Double Attack} Kh6 31. Kxf2 {[%mdl 4096] Endgame KQR-KQB} Qb6 {intending ...Qb2+.} 32. Re1 Be4 33. Rxe4 (33. Ke3 $16) 33... fxe4 $16 {KQ-KQ} 34. Qd5 c3 35. Qg5+ Kh7 36. Qxh5+ Kg7 37. Qg5+ Kf7 38. Qd5+ Kf8 39. Qf5+ Kg7 40. Qd7+ Kf6 41. g4 c2 42. g5+ Kg6 43. Qe8+ {[%mdl 64] Double Attack} Kf5 $2 {[%mdl 8192]} (43... Kg7 $11 44. Qe5+ Kf8 45. Qf5+ Kg7 46. Qe5+ Kf8 47. Qh8+ Kf7 48. Qh7+ {[%mdl 64] Double Attack} Kf8 49. Qf5+ Kg7 50. Qe5+) 44. Qf8+ (44. Qf7+ $142 Qf6 45. Qxf6+ Kg4 46. Kg2 Kh5 47. Kh3 c1=Q 48. Qh6#) 44... Ke6 $18 45. Qc8+ {[%mdl 64] Double Attack} Kd5 46. Qxc2 Qxd4+ 47. Ke2 {Hoping for Qd2.} Qg1 $2 (47... Ke6 48. Qc8+ Ke7 49. Qb7+ Kf8 50. Qb8+ Kf7 51. Qb3+ Kg6) 48. Qd1+ {Accuracy: White = 47%, Black = 40%.} 1-0